| 000 | 00776nam a22002417a 4500 | ||
|---|---|---|---|
| 999 |
_c36580 _d36580 |
||
| 003 | OSt | ||
| 005 | 20251028103419.0 | ||
| 008 | 251028b ||||| |||| 00| 0 spa d | ||
| 020 | _a987-9028-19-8 | ||
| 040 | _cBiblioteca Ernesto Sábato | ||
| 092 |
_a331.544 _bB457 _eBMB |
||
| 100 | _aBendini, Mónica Isabel, coord. | ||
| 245 |
_aDe golondrinas y otros migrantes _b: trabajo rural y movilidad espacial en el norte de la Patagonia argentina y regiones chilenas del centro-sur |
||
| 260 |
_aBuenos Aires _bLa Colmena _c1999 |
||
| 300 | _a154 p. | ||
| 440 |
_aCuadernos del GESA _n; 3 |
||
| 650 | _aMIGRACIÓN INTERNA | ||
| 650 | _aARGENTINA | ||
| 650 | _aRURALIDAD | ||
| 650 | _aTRABAJADOR GOLONDRINA | ||
| 700 | _aMartha Mabel Radonich, coord. | ||
| 942 |
_2ddc _cBMB |
||